Statistics for Guess Anime Character Names by Japanese Letters - Male

Click here to take the quiz!

General Stats

  • This quiz has been taken 60 times
  • The average score is 4 of 24

Answer Stats

LettersCharacter% Correct
u ku go so nSon Gokuu
65%
ka ki ke ne nKaneki Ken
57%
u ke sa su chi haUchiha Sasuke
50%
ta no no bi biNobi Nobita
28%
ka ga ki zu to ya riKirigaya Kazuto
26%
ka se na na ha ruNanase Haruka
24%
ku ko tsu te ya ruKuroko Tetsuya
22%
ko ta chi to na ba maTachibana Makoto
22%
ku ji ta fu mi ra waFujiwara Takumi
19%
ga su se ha ba ru waHasegawa Subaru
19%
ka se ta ha be yuHasebe Yutaka
11%
ka ki gi sa ta to nSakata Gintoki
11%
u ga shi ta to yuTogashi Yuuta
11%
i shi ta chi ma maMashima Taichi
9%
ke shi su no no ha ra nNohara Shinnosuke
9%
u u o ki ta ho re roOreki Houtarou
9%
u ka shi so ta ta naTakanashi Souta
9%
ga ki chi ha hi ma ya nHikigaya Hachiman
7%
ka so ta da ra nKanda Sorata
7%
i o ka chi mu ra riOrimura Ichika
7%
a ta ta ya ra waWataya Arata
7%
u ke go chi ha yu nHachiken Yuugo
2%
o ka su ta da ma mi ruKarasuma Tadaomi
2%
u o o ji chi moOoji Mochizou
2%

Score Distribution

Percentile by Number Answered

Percent of People with Each Score

Your Score History

You have not taken this quiz